Dạy và học toán cùng máy tính
v.v...
Đã lưu trong:
| Tác giả chính: | |
|---|---|
| Định dạng: | Sách |
| Năm xuất bản: |
H.
Giáo dục
2007
|
| Chủ đề: | |
| Tags: |
Thêm thẻ
Không có thẻ, Hãy là người đầu tiên gắn thẻ bản ghi này!
|
| LEADER | 01223nam a2200217 4500 | ||
|---|---|---|---|
| 999 | |c 11020 |d 11020 | ||
| 082 | |a 372.7078 |b PH104H | ||
| 100 | |a Phạm Huy Điển | ||
| 245 | |a Dạy và học toán cùng máy tính |c Phạm Huy Điển | ||
| 260 | |a H. |b Giáo dục |c 2007 | ||
| 300 | |a 283 tr. |c 24 cm. | ||
| 520 | |a v.v... | ||
| 653 | |a Giáo dục tiểu học | ||
| 653 | |a Toán học | ||
| 653 | |a Máy tính | ||
| 942 | |2 ddc |c STK0 | ||
| 952 | |0 0 |1 0 |2 ddc |4 0 |6 372_707800000000000_PH104H |7 0 |8 300 |9 94861 |a qbu |b qbu |c D2 |d 2015-09-29 |g 29000 |o 372.7078 PH104H |p 10910.c1 |r 0000-00-00 |w 2015-09-29 |y STK0 | ||
| 952 | |0 0 |1 0 |2 ddc |4 0 |6 372_707800000000000_PH104H |7 0 |8 300 |9 94862 |a qbu |b qbu |c D2 |d 2015-09-29 |g 29000 |o 372.7078 PH104H |p 10910.c2 |r 0000-00-00 |w 2015-09-29 |y STK0 | ||
| 952 | |0 0 |1 0 |2 ddc |4 0 |6 372_707800000000000_PH104H |7 0 |8 300 |9 94863 |a qbu |b qbu |c D2 |d 2015-09-29 |g 29000 |o 372.7078 PH104H |p 10910.c3 |r 0000-00-00 |w 2015-09-29 |y STK0 | ||
| 952 | |0 0 |1 0 |2 ddc |4 0 |6 372_707800000000000_PH104H |7 0 |8 300 |9 94864 |a qbu |b qbu |c D2 |d 2015-09-29 |g 29000 |o 372.7078 PH104H |p 10910.c4 |r 0000-00-00 |w 2015-09-29 |y STK0 | ||
| 952 | |0 0 |1 0 |2 ddc |4 0 |6 372_707800000000000_PH104H |7 0 |8 300 |9 94865 |a qbu |b qbu |c D2 |d 2015-09-29 |g 29000 |o 372.7078 PH104H |p 10910.c5 |r 0000-00-00 |w 2015-09-29 |y STK0 | ||